003050000a2200109000450024500500000065000160005065000180006665000290008404100130011310000170012677300520014310aAdaptation of flowering plants to pollinators14aEvolución14aPolinizadores14aAdaptación biológica0 aInglés1 aBaker, M. C.1 tQuarterly Rev. of Biological3519q64-72d1984?